Odmeňovanie zamestnancov pri vymenovaní do funkcie
Všeobecné zásady odmeňovania menovaných pracovníkov podľa Zákonníka práce. Vedúci pracovníci súkromných zamestnávateľov. Vedúci pracovníci v rozpočtových a príspevkových organizáciách. Vedúci pracovníci v štátnych podnikoch a akciových spoločnostiach.
Na minha lista:
| Autor principal: | |
|---|---|
| Formato: | Capítulo de Livro |
| Idioma: | eslovaco |
| Assuntos: | |
| Tags: |
Sem tags, seja o primeiro a adicionar uma tag!
|
MARC
| LEADER | 00000naa a2200000 4500 | ||
|---|---|---|---|
| 001 | r018884 | ||
| 005 | 20221213100143.5 | ||
| 041 | 0 | |a slo | |
| 044 | |a SK | ||
| 245 | 1 | 0 | |a Odmeňovanie zamestnancov pri vymenovaní do funkcie |c Miroslav Mačuha |
| 520 | |a Všeobecné zásady odmeňovania menovaných pracovníkov podľa Zákonníka práce. Vedúci pracovníci súkromných zamestnávateľov. Vedúci pracovníci v rozpočtových a príspevkových organizáciách. Vedúci pracovníci v štátnych podnikoch a akciových spoločnostiach. | ||
| 610 | 2 | 0 | |a odmeňovanie |
| 610 | 2 | 0 | |a zamestnanci |
| 610 | 2 | 0 | |a zákonník práce |
| 610 | 2 | 0 | |a funkcie riadenia |
| 610 | 2 | 0 | |a podnik štátny |
| 610 | 2 | 0 | |a spoločnosti akciové |
| 610 | 2 | 0 | |a organizácie príspevkové |
| 610 | 2 | 0 | |a organizácie rozpočtové |
| 610 | 2 | 0 | |a pracovníci vedúci |
| 100 | 1 | |a Mačuha, Miroslav | |